Stranger Things Cast A-Z - Statistics

General Stats
  • This quiz has been taken 109 times
  • The average score is 8 of 17
Answer Stats
Answer % Correct
M Millie Bobby Brown / Matthew Modine / Maya Hawke / Michael Park / Mason Dye / Myles Truitt
96%
F Finn Wolfhard / Francesca Reale
87%
N Natalia Dyer / Noah Schnapp / Nell Fisher / Nicola Duricko / Nikolai Nikolaeff
87%
J Joe Keery / Jamie Campbell Bower / Joseph Quinn / Joe Chrest / John Paul Reynolds / Jennifer Marshall / Jake Busey / Joel Stoffer
82%
W Winona Ryder
82%
C Caleb McLaughlin / Charlie Heaton / Cara Buono / Catherine Dyer / Cade Jones / Chester Rushing / Chelsea Talmadge / Catherine Curtin / Christian Ganiere / Clayton Johnson
77%
D David Harbour / Dacre Montgomery
73%
S Sadie Sink / Sean Astin / Shannon Purser / Susan Shalhoub Larkin / Sherman Augustus
72%
G Gaten Matarazzo / Gabriela Pizzolo
65%
P Paul Reiser / Priah Ferguson / Peyton Wich / Peggy Miley / Paris Benjamin / Pasha Lychnikoff
34%
B Brett Gelman
20%
A Amybeth McNulty / Anniston Price / Aimee Mullins / Arnell Powell / Andrey Ivchenko / Alec Utgoff
16%
E Eduardo Franco / Elodie Grace Orkin
9%
R Rob Morgan / Ross Partridge / Randy Havens
6%
L Linnea Berthelsen
5%
T Tinsley Price / Tobias Jelinek / Tristan Spohn / Tom Wlaschiha
4%
K Karen Ceesay
3%
No matching quizzes found
Score Distribution
Percent of People with Each Score
Percentile by Number Answered
Your Score History
You have not taken this quiz